| 000 | 00977cam a2200289 a 4500 | ||
|---|---|---|---|
| 001 | 016645104 | ||
| 003 | EG-ScBUE | ||
| 005 | 20221201103440.0 | ||
| 008 | 140120s2014 sz o f 001 0 eng d | ||
| 020 | _a9783037681688 (hardback) | ||
| 040 |
_aStDuBDS _beng _erda _cStDuBDS _dUk _dEG-ScBUE _dEG-ScBUE |
||
| 082 | 0 | 4 |
_a725.4 _bUFF _222 |
| 100 | 1 |
_aUffelen, Chris van, _eauthor. _937513 |
|
| 245 | 1 | 0 |
_aCorporate architecture / _cChris van Uffelen. |
| 250 | _aFirst edition. | ||
| 264 | 1 |
_a[Salenstein] : _bBraun Publishing AG, _c2014. |
|
| 300 |
_a255 pages : _bphotographs ; _c31 cm |
||
| 500 | _aIncludes index. | ||
| 650 | 7 |
_aArchitecture, Industrial. _2BUEsh _937515 |
|
| 650 | 7 |
_aCorporate image. _2BUEsh _937516 |
|
| 650 | 7 |
_aIndustrial design coordination. _2BUEsh _937517 |
|
| 650 | 7 |
_aExhibition buildings _xDesign and construction. _2BUEsh _937518 |
|
| 651 | _2BUEsh | ||
| 653 |
_bENGARC _bENGGEN _cMarch2015 |
||
| 655 | _vReading book | ||
| 942 |
_2ddc _k725.4 UFF _cBB |
||
| 999 |
_c19129 _d19101 |
||